J. D. Vance y los posliberales católicos (notice n° 1516593)
[ vue normale ]
| 000 -LEADER | |
|---|---|
| fixed length control field | 01277cam a2200169 4500500 |
| 005 - DATE AND TIME OF LATEST TRANSACTION | |
| control field | 20251012005104.0 |
| 041 ## - LANGUAGE CODE | |
| Language code of text/sound track or separate title | fre |
| 042 ## - AUTHENTICATION CODE | |
| Authentication code | dc |
| 100 10 - MAIN ENTRY--PERSONAL NAME | |
| Personal name | Patterson, James |
| Relator term | author |
| 245 00 - TITLE STATEMENT | |
| Title | J. D. Vance y los posliberales católicos |
| 260 ## - PUBLICATION, DISTRIBUTION, ETC. | |
| Date of publication, distribution, etc. | 2025.<br/> |
| 500 ## - GENERAL NOTE | |
| General note | 11 |
| 520 ## - SUMMARY, ETC. | |
| Summary, etc. | James Patterson y Thomas Howes, dos jóvenes investigadores estadounidenses y católicos que se identifican con el conservadurismo de Reagan, han observado el ascenso del «posliberalismo católico» desde dentro de la derecha religiosa. En un momento en que este movimiento marginal, representado en el gobierno por el vicepresidente J. D. Vance, ha adquirido una importancia política decisiva, Patterson y Howes se han embarcado en una investigación histórica y teológica de las experiencias pasadas del posliberalismo católico. Antes de una segunda publicación en la que Howes reconsidera el sustrato teológico y espiritual del movimiento, Patterson repasa la historia del posliberalismo católico en el siglo XX y los ecos de esta historia en los Estados Unidos contemporáneos. |
| 700 10 - ADDED ENTRY--PERSONAL NAME | |
| Personal name | Gautier, Benoît |
| Relator term | author |
| 786 0# - DATA SOURCE ENTRY | |
| Note | Études | Mai | 5 | 2025-04-24 | p. 7-17 |
| 856 41 - ELECTRONIC LOCATION AND ACCESS | |
| Uniform Resource Identifier | <a href="https://shs.cairn.info/revista-etudes-2025-5-page-7?lang=es&redirect-ssocas=7080">https://shs.cairn.info/revista-etudes-2025-5-page-7?lang=es&redirect-ssocas=7080</a> |
Pas d'exemplaire disponible.




Réseaux sociaux